Food Quality Management A Techno-managerial Approach (Record no. 18080)

MARC details
000 -LEADER
fixed length control field 00457nam a22001697a 4500
003 - CONTROL NUMBER IDENTIFIER
control field OSt
005 - DATE AND TIME OF LATEST TRANSACTION
control field 20211112164743.0
008 - FIXED-LENGTH DATA ELEMENTS--GENERAL INFORMATION
fixed length control field 211112b |||||||| |||| 00| 0 eng d
020 ## - INTERNATIONAL STANDARD BOOK NUMBER
International Standard Book Number 9074134815
040 ## - CATALOGING SOURCE
Transcribing agency Hawassa University
050 ## - LIBRARY OF CONGRESS CALL NUMBER
Classification number 641.3/LUN
Item number 5
082 ## - DEWEY DECIMAL CLASSIFICATION NUMBER
Classification number 641.3/LUN
Item number 5
100 ## - MAIN ENTRY--PERSONAL NAME
Personal name Luning,P.A.
9 (RLIN) 18214
245 ## - TITLE STATEMENT
Title Food Quality Management A Techno-managerial Approach
260 ## - PUBLICATION, DISTRIBUTION, ETC.
Place of publication, distribution, etc. Netherland
Name of publisher, distributor, etc. Wageningen Pers
Date of publication, distribution, etc. 2002
942 ## - ADDED ENTRY ELEMENTS (KOHA)
Source of classification or shelving scheme Dewey Decimal Classification
Koha item type Books like text book referance book
Suppress in OPAC No
Holdings
Withdrawn status Lost status Source of classification or shelving scheme Damaged status Not for loan Home library Current library Date acquired Total Checkouts Full call number Barcode Date last seen Copy number Price effective from Koha item type
    Dewey Decimal Classification     College of Agriculture Library College of Agriculture Library 11/12/2021   641.3/LUN ALIB0000072 11/12/2021 1 11/12/2021 Books like text book referance book
    Dewey Decimal Classification     College of Agriculture Library College of Agriculture Library 11/12/2021   641.3/LUN ALIB0000073 11/12/2021 2 11/12/2021 Books like text book referance book
    Dewey Decimal Classification     College of Agriculture Library College of Agriculture Library 11/12/2021   641.3/LUN ALIB0000071 11/12/2021 3 11/12/2021 Books like text book referance book
    Dewey Decimal Classification     College of Agriculture Library College of Agriculture Library 11/12/2021   641.3/LUN ALIB0000074 11/12/2021 4 11/12/2021 Books like text book referance book
    Dewey Decimal Classification     College of Agriculture Library College of Agriculture Library 11/12/2021   641.3/LUN ALIB0000075 11/12/2021 5 11/12/2021 Books like text book referance book